Carregant...

Meaning the media : Discourse, Controversy, Debate /

Dades bibliogràfiques
Autor principal: Durant, Alan
Format: Printed Book
Idioma:English
Publicat: New York : Cambridge University Press, 2010.
Matèries:
LEADER 00588nam a22001577a 4500
008 130802b xxu||||| |||| 00| 0 eng d
999 |c 2458  |d 2458 
020 |a 9780521136402 
082 |a 302.23   |b  DUR 
100 |a Durant, Alan 
245 |a Meaning the media :  |b Discourse, Controversy, Debate /  |c ALan Duranet 
260 |b Cambridge University Press,  |a New York :  |c 2010. 
300 |a 254p. 
650 |a Media 
942 |2 ddc  |c BK 
952 |0 0  |1 0  |2 ddc  |4 0  |6 302_230000000000000_DUR  |7 0  |9 2851  |a MAIN  |b MAIN  |d 2013-08-02  |e Athulya Books  |g 1952.71  |l 1  |m 1  |o 302.23 DUR  |p 2924  |r 2014-07-21  |s 2014-06-02  |t 1  |w 2013-08-02  |y BK